UM Logo

Digos city online health management system with disease monitoring for barangay using link analysis/ (Record no. 11635)

MARC details
000 -LEADER
fixed length control field 00615nam a22001577a 4500
008 - FIXED-LENGTH DATA ELEMENTS--GENERAL INFORMATION
fixed length control field 181213b ||||| |||| 00| 0 eng d
082 ## - DEWEY DECIMAL CLASSIFICATION NUMBER
Edition number 2018
Classification number UT 1105
Item number Al41
100 ## - MAIN ENTRY--PERSONAL NAME
9 (RLIN) 33282
Personal name Alibasa, Jasmin G.
245 ## - TITLE STATEMENT
Title Digos city online health management system with disease monitoring for barangay using link analysis/
Statement of responsibility, etc. Jasmin G. Alibasa and Elen E. Torres
260 ## - PUBLICATION, DISTRIBUTION, ETC. (IMPRINT)
Place of publication, distribution, etc. Digos City:
Name of publisher, distributor, etc. UMDC
Date of publication, distribution, etc. April 2018
300 ## - PHYSICAL DESCRIPTION
Extent 116 pages;
Other physical details 29 cm.
650 #0 - SUBJECT ADDED ENTRY--TOPICAL TERM
9 (RLIN) 33336
Topical term or geographic name as entry element Technical Programs
Form subdivision Information Technology
General subdivision Undergraduate Thesis
700 ## - ADDED ENTRY--PERSONAL NAME
9 (RLIN) 33283
Personal name Alibasa, Jasmin G.
700 ## - ADDED ENTRY--PERSONAL NAME
9 (RLIN) 33284
Personal name Torres, Elen E.
942 ## - ADDED ENTRY ELEMENTS (KOHA)
Source of classification or shelving scheme Dewey Decimal Classification
Koha item type Undergraduate Thesis
Holdings
Withdrawn status Lost status Source of classification or shelving scheme Damaged status Not for loan Home library Current library Date acquired Total Checkouts Full call number Barcode Date last seen Price effective from Koha item type
    Dewey Decimal Classification     UM Digos College - LIC UM Digos College - LIC 12/06/2018   UT 1105 Al41 2018 1105 05/15/2025 12/13/2018 Undergraduate Thesis